<Die> Subjekt- und Vertragsstruktur in den Exportbinnenbeziehungen der DDR und der ČSSR-ein Regelungs-und Funktionsvergleich
Salvato in:
| Autore principale: | |
|---|---|
| Altri autori: | |
| Natura: | Libro |
| Lingua: | tedesco |
| Pubblicazione: |
Bratislava
Československá vedeckotechnická spoločnosť
1988
|
| Edizione: | 1. vyd. |
| Tags: |
Nessun Tag, puoi essere il primo ad aggiungerne!!
|
MARC
| LEADER | 00000nam a2200000 4500 | ||
|---|---|---|---|
| 001 | c027315 | ||
| 005 | 20250509120031.4 | ||
| 041 | 0 | |a ger | |
| 044 | |a SK | ||
| 245 | 1 | 0 | |a <Die> Subjekt- und Vertragsstruktur in den Exportbinnenbeziehungen der DDR und der ČSSR-ein Regelungs-und Funktionsvergleich |c Claus Biefeld, Daniel Futej |
| 250 | |a 1. vyd. | ||
| 264 | 1 | |a Bratislava |b Československá vedeckotechnická spoločnosť |c 1988 | |
| 300 | |a 241 s. | ||
| 100 | 1 | |a Biefeld, Claus | |
| 700 | 1 | |a Futej, Daniel | |